Normal view
MARC view
- Conference papers and proceedings.
Entry Genre/Form Term
001 - CONTROL NUMBER
- control field: 5916
003 - CONTROL NUMBER IDENTIFIER
- control field: NUST
005 - DATE AND TIME OF LATEST TRANSACTION
- control field: 20171103114713.0
008 - FIXED-LENGTH DATA ELEMENTS
- fixed length control field: 171103|| aca||aabn | a|a d
040 ## - CATALOGING SOURCE
- Original cataloging agency: NUST
- Transcribing agency: NUST
155 ## - HEADING--GENRE/FORM TERM
- Genre/form term: Conference papers and proceedings.
670 ## - SOURCE DATA FOUND
- Source citation: Work cat.: (NUST)0: Conference on Water Chlorination: Environmental Impact and Health Effects. 5911, Water chlorination Environmental Impact and Health Effects Vol-1, c1978-
